000 00308nam a22001457a 4500
020 _a0-7214-0924-5
082 _a823
_bMCC/W
100 _aMCCULLAGH, SHEILA
245 _aWHEN THE MAGIC STOPPED
250 _a1
260 _aUK
_bLADYBIRD
300 _a42
650 _aENGLISH SHORT STORY
_zUK
942 _cBK
999 _c4150
_d4150